| 000 | 00886nam a22003137a 4500 | ||
|---|---|---|---|
| 001 | 14575373 | ||
| 003 | OSt | ||
| 005 | 20140310183109.0 | ||
| 008 | 060928s2005 ph 000 1 tgl | ||
| 010 | _a 2006327253 | ||
| 020 | _a9715844189 | ||
| 040 |
_aDLC _cDLC |
||
| 042 | _alcode | ||
| 050 | 0 | 0 |
_aPL 6063.R63 _b.R33m 2005 |
| 100 | 1 | _aReyes, Edgar. | |
| 245 | 1 | 4 |
_aAng mundong ito ay lupa / _cEdgardo M. Reyes. |
| 246 | 3 | 0 | _aLupa |
| 260 |
_aQuezon City : _bPublished and distributed by C&E Pub., _c2005. |
||
| 300 |
_axi, 383 p. : _c20 cm. |
||
| 500 | _aNovel. | ||
| 526 | _c1210L-1700L | ||
| 546 | _aIn Tagalog. | ||
| 562 | _eFor circulation. 1 copy available in the collection | ||
| 906 |
_a7 _bcbc _corigode _d4 _encip _f20 _gy-gencatlg |
||
| 942 |
_2lcc _cBK _kFLIR |
||
| 999 |
_c18821 _d18821 |
||